TOP TENS - Countries Harry Kane has scored against Sudden Death - Statistics

General Stats
  • This quiz has been taken 41 times
  • The average score is 3 of 10
Answers on the Grid
Answers color-coded by a green-red scale on the quiz's grid according to % correct below.
Albania
Bulgaria
Croatia
Denmark
France
Germany
Italy
Malta
Montenegro
Panama
Poland
San Marino
Scotland
Spain
Ukraine
USA
 
Answer Stats
Answer % Correct
San Marino
42%
France
38%
Germany
35%
Albania
31%
Italy
23%
Montenegro
23%
Panama
23%
Malta
19%
Bulgaria
15%
Ukraine
8%
No matching quizzes found
Score Distribution
Percent of People with Each Score
Percentile by Number Answered
Your Score History
You have not taken this quiz